[Event "Moscow Open Students w"]
[Site "Moscow RUS"]
[Date "2015.02.08"]
[Round "9.4"]
[White "Drogovoz, Irina"]
[Black "Iwanow, Anna"]
[Result "1-0"]
[BlackTitle "WIM"]
[WhiteElo "2218"]
[BlackElo "2288"]
[WhiteFideId "4176715"]
[BlackFideId "1135988"]
[EventDate "2015.01.31"]

1. d4 Nf6 2. c4 g6 3. Nc3 d5 4. cxd5 Nxd5 5. Bd2 Nb6 6. e4 Bg7 7. Be3 c5 8. d5
N8d7 9. a4 Rb8 10. f4 e5 11. dxe6 fxe6 12. a5 Na8 13. Bc4 Qe7 14. Nf3 O-O 15.
Ng5 Nf6 16. f5 gxf5 17. Bf4 Ng4 18. Qd6 Qf6 19. Nxe6 Bxe6 20. Qxe6+ Kh8 21. Qxf6
Bxf6 22. Bxb8 Rxb8 23. Be6 Ne3 24. Kd2 Bg5 25. exf5 Nxf5+ 26. Kd3 Rd8+ 27. Ke4
Nd4 28. Bd5 Nc7 29. Rae1 Na6 30. h4 Bxh4 31. Ref1 Bg5 32. Rf7 h6 33. Rhf1 Re8+
34. Kd3 Nb4+ 35. Kc4 Nxd5 36. Kxd5 Ne6 37. Rxb7 Nf4+ 38. Kxc5 Nxg2 39. Rff7 Ne1
40. Rh7+ Kg8 41. Rhg7+ Kh8 42. Rgd7 Nf3 43. Kb5 Be3 44. Nd5 Bd4 45. b4 h5 46.
Rh7+ Kg8 47. Rxh5 Re6 48. Ne7+ 1-0

[Event "Moscow Open Students w"]
[Site "Moscow RUS"]
[Date "2015.02.08"]
[Round "9.5"]
[White "Saduakassova, Dinara"]
[Black "Mammadzada, Gunay"]
[Result "0-1"]
[WhiteTitle "WGM"]
[BlackTitle "WGM"]
[WhiteElo "2406"]
[BlackElo "2334"]
[WhiteFideId "13700090"]
[BlackFideId "13403729"]
[EventDate "2015.01.31"]

1. c4 c5 2. Nf3 b6 3. Nc3 Bb7 4. d4 cxd4 5. Nxd4 Nf6 6. f3 e6 7. e4 Nc6 8. Be3
Bb4 9. Qd2 Rc8 10. a3 Bxc3 11. Qxc3 O-O 12. Nxc6 Rxc6 13. Qd4 d5 14. e5 Nd7 15.
Rd1 Qe7 16. f4 f6 17. exf6 Nxf6 18. Be2 Rfc8 19. O-O dxc4 20. Bf3 R6c7 21. Bxb7
Rxb7 22. h3 Rd7 23. Qe5 Rcd8 24. Rxd7 Qxd7 25. Rc1 b5 26. a4 a6 27. axb5 axb5
28. b3 cxb3 29. Rb1 Qd5 30. Qxd5 Nxd5 31. Rxb3 b4 32. Kf2 Rf8 33. Kf3 g5 34. g3
gxf4 35. gxf4 Ra8 36. Bc5 Rc8 37. Bd4 Rc4 38. Ke4 Rc1 39. Ke5 Re1+ 40. Kd6 Rd1
41. Ke5 Nxf4 42. Kxf4 Rxd4+ 43. Ke5 Rd5+ 44. Kxe6 Rd4 45. Ke5 Rh4 46. Kf6 Rc4
47. Rg3+ Kf8 48. Rd3 Ke8 49. Rd6 Rh4 50. Rd3 Rh6+ 51. Kg7 Rh5 52. Rb3 Rh4 53.
Kf6 Kd7 54. Kg5 Rc4 55. Kh6 Kc6 56. Kxh7 Kb5 57. Rf3 Ka4 58. Kg6 Rc3 59. Rf8
Rxh3 60. Ra8+ Kb3 61. Kf5 Re3 62. Kf4 Re7 0-1